000 00652nam a2200217 a 4500
001 28966
003 BD-RjUL
005 20211209051343.0
008 140401s1957 enk b 001 0 eng d
035 _a(BD-RjUL)29050
040 _aNUN
_beng
_cNUN
_dBD-RjUL
041 _aeng
082 0 4 _a150
_220
_bLAP 1957
100 1 _aLafitte, Paul.
_988496
245 1 4 _aThe person in psychology :
_breality or abstraction /
_cby Paul Lafitte.
260 _aLondon :
_bRoutledge & K. Paul,
_cc1957.
300 _ax, 233 p. ;
_c22 cm.
504 _aIncludes bibliographical references (p. 227 - 230) and index.
650 0 _aPsychology.
_988497
942 _2ddc
_cBK
999 _c28966
_d28966